Normal view
MARC view
- الطرق-الاسفلتية-الطرق-صيانة
Entry Topical Term
001 - CONTROL NUMBER
- control field: 51466
003 - CONTROL NUMBER IDENTIFIER
- control field: JO-AjAnu
005 - DATE AND TIME OF LATEST TRANSACTION
- control field: 20230606082451.0
008 - FIXED-LENGTH DATA ELEMENTS
- fixed length control field: 230606|| aca||aabn | a|a d
040 ## - CATALOGING SOURCE
- Original cataloging agency: JO-AjAnu
- Transcribing agency: JO-AjAnu
150 ## - HEADING--TOPICAL TERM
- Topical term or geographic name entry element: الطرق-الاسفلتية-الطرق-صيانة
670 ## - SOURCE DATA FOUND
- Source citation: Work cat.: (JO-AjAnu)26303: محمد ،رمضان على , author 51465, مقدمة في مواد الرصف وتصميم الخلوطات الاسفلتية بطريقة مارشال